000 00158nam a22000857a 4500
999 _c12814
_d12814
082 _a324.22
100 _aFatima Jinnah
245 _aMere Bhai Jaan
942 _cBK